Calefacción por vapor (Record no. 38255)

MARC details
000 -LEADER
campo de control de longitud fija 00681nam a2200157 i 4500
001 - NÚMERO DE CONTROL
campo de control 38255
003 - IDENTIFICADOR DE NÚMERO DE CONTROL
campo de control ES-MaACL
005 - FECHA Y HORA DE LA ÚLTIMA TRANSACCIÓN
campo de control 20230906155727.0
007 - CAMPO FIJO DE DESCRIPCIÓN FÍSICA--INFORMACIÓN GENERAL
campo de control de longitud fija t|
008 - DATOS DE LONGITUD FIJA--INFORMACIÓN GENERAL
campo de control de longitud fija 030225s1883 sp ||||1| spa d
100 1# - ENTRADA PRINCIPAL--NOMBRE DE PERSONA
Nombre de persona Montaner y Cerutti, Vito.
9 (RLIN) 82383
245 10 - MENCIÓN DEL TÍTULO
Título Calefacción por vapor
Resto del título : memoria relativa al proyecto del nuevo sistema de calefacción tubular por medio del vapor a domicilio, con patente de introducción expedida por el Ministerio de Fomento en 21 de febrero de 1881 /
Mención de responsabilidad, etc. a favor del concesionario Vito Montaner y Cerutti.
260 ## - PUBLICACIÓN, DISTRIBUCIÓN, ETC.
Lugar de publicación, distribución, etc. Madrid :
Nombre del editor, distribuidor, etc. [s.n.],
Fecha de publicación, distribución, etc. 1883 (
Fabricante Est. tip. de Montegrifo y Cia.)
300 ## - DESCRIPCIÓN FÍSICA
Extensión 32 p. ;
Dimensiones 20 cm.
852 ## - LOCALIZACIÓN
Ubicación ES-MaACL
Número de control de estantería T-369-F-12
Holdings
Estatus retirado Estado de pérdida Estado de daño No para préstamo Colección Biblioteca de origen Biblioteca actual Ubicación en estantería Fecha de adquisición Fuente de adquisición Total de préstamos Signatura topográfica completa Código de barras Visto por última vez Precio de reemplazo Tipo de ítem Koha
        Colección de folletos Biblioteca del Ateneo de Madrid Biblioteca del Ateneo de Madrid Depósito folletos 17/01/2008     T-369-F-12 1040268 23/02/2023 23/02/2023 Folleto